Lịch sử 7

保存先:
書誌詳細
第一著者: Phan, Ngọc Liên
その他の著者: Nghiêm, Đình Vỳ
フォーマット: 図書
言語:Undetermined
出版事項: H. Giáo dục 2003
主題:
オンライン・アクセス:http://lrc.tdmu.edu.vn/opac/search/detail.asp?aID=2&ID=4789
タグ: タグ追加
タグなし, このレコードへの初めてのタグを付けませんか!
Thư viện lưu trữ: Trung tâm Học liệu Trường Đại học Thủ Dầu Một
LEADER 00625nam a2200205Ia 4500
001 TDMU_4789
008 210410s9999 xx 000 0 und d
082 |a 900.71 
090 |b PH105 
100 |a Phan, Ngọc Liên 
245 0 |a Lịch sử 7 
245 0 |c Phan Ngọc Liên 
260 |a H. 
260 |b Giáo dục 
260 |c 2003 
300 |a 160tr 
650 |a Sách lớp 7  |v Giáo khoa; Lịch sử  |x Dạy và học 
700 |a Nghiêm, Đình Vỳ 
856 |u http://lrc.tdmu.edu.vn/opac/search/detail.asp?aID=2&ID=4789 
980 |a Trung tâm Học liệu Trường Đại học Thủ Dầu Một